| 000 | 01769fam a2200373 a 4500 | ||
|---|---|---|---|
| 001 | 1993925 | ||
| 003 | OSt | ||
| 005 | 20211026160041.0 | ||
| 008 | 960808s1997 nyua b 001 0 eng | ||
| 010 | _a 96036053 | ||
| 020 | _a0070114986 (text : acidfree paper) | ||
| 035 | _a(OCoLC)35280644 | ||
| 035 | _a(OCoLC)ocm35280644 | ||
| 035 | _a(NNC)1993925 | ||
| 038 | _akhadija | ||
| 040 |
_aDLC _cDLC _dDLC _dNNC _dOrLoB-B |
||
| 050 | 0 | 0 |
_aQC311 _b.C42 1997 |
| 082 | 0 | 0 |
_a621.402 _220 _bCEN |
| 100 | 1 |
_aÇengel, Yunus A. _92462 |
|
| 245 | 1 | 0 |
_aIntroduction to Thermodynamics and Heat Transfer / _cYunus A. Çengel. |
| 246 | 3 | _aThermodynamics and heat transfer | |
| 250 | _aInternational ed. | ||
| 260 |
_aNew York : _bMcGraw-Hill, _cc1997. |
||
| 300 |
_axxvii, 922 p. : _bcol. ill. ; _c24 cm. |
||
| 490 | 1 | _aMcGraw-Hill series in mechanical engineering | |
| 504 | _aIncludes bibliographical references and index. | ||
| 505 | 0 | 0 |
_g1. _tBasic Concepts of Thermodynamics -- _g2. _tProperties of Pure Substances -- _g3. _tThe First Law of Thermodynamics: Closed Systems -- _g4. _tThe First Law of Thermodynamics: Control Volumes -- _g5. _tThe Second Law of Thermodynamics -- _g6. _tEntropy -- _g7. _tPower and Refrigeration Cycles -- _g8. _tSteady Heat Conduction -- _g9. _tTransient Heat Conduction -- _g10. _tForced Convection -- _g11. _tNatural Convection -- _g12. _tRadiation Heat Transfer -- _g13. _tHeat Exchangers -- _g14. _tCooling of Electronic Equipment -- _gApp. 1. _tProperty Tables and Charts (SI Units) -- _gApp. 2. _tProperty Tables and Charts (English Units). |
| 563 | _aHardcover | ||
| 650 | 0 |
_aThermodynamics. _97134 |
|
| 650 | 0 |
_aHeat _xTransmission. _91537 |
|
| 830 | 0 |
_aMcGraw-Hill series in mechanical engineering. _93283 |
|
| 900 | _bTOC | ||
| 942 |
_2ddc _cBK |
||
| 999 |
_c31748 _d31748 |
||